000
00304nam a22001337a 4500
008
170525b xxu||||| |||| 00| 0 eng d
020
_a
9780199733767
041
_a
eng
080
_2
5TH
_a
621.3
100
_a
26
101
_a
IM
245
_a
ELEMENTS OF ELECTROMAGNETICS
_c
SADIKU,M.N
942
_2
udc
_c
BK
999
_c
14241
_d
14241